00422nam a22001457a 4500003000500000005001700005008004100022020001800063040000900081082001000090245007500100246004200175260004900217300001000266ASAB20170425115740.0170425b xxu||||| |||| 00| 0 eng d a81-309-0070-x cASAB a660.6 aConcise encyclopedia of bioresource technologycedited by Ashok Pandey abioresource technologybbio resource  aNew DelhibViva Books Private Limited.c2005 a735 P